| 000 | 03689nam a2200433 i 4500 | ||
|---|---|---|---|
| 001 | 23381364 | ||
| 003 | OSt | ||
| 005 | 20260331154153.0 | ||
| 008 | 231109t20232023nyu b 001 0 eng d | ||
| 020 |
_a9780241993255 _qpaperback |
||
| 040 |
_aNjBwBT _beng _erda _cJPL _dJPL _dJQM _dUAP _dOCLCQ _dYDX _dBDX _dFLW _dOCLCF _dHF9 _dIXA _dAUM _dZ#6 _dFHP _dCGN _dOCLCO _dDLC _duoc |
||
| 082 | 0 | 4 |
_a155.232 _223 _bJEN |
| 100 | 1 |
_aGranneman, Jenn, _eauthor. _94727 |
|
| 245 | 1 | 0 |
_aSensitive : _b The Power of a Thoughtful Mind in an Overwhelming World / _cJenn Granneman and Andre Sólo. |
| 264 | 1 |
_aGreat Britain: _bPenguin life, _c2024. |
|
| 264 | 4 | _c© Jennifer Granneman and Andrew Jacob, 2023. | |
| 300 |
_a260 pages ; _c20 cm. |
||
| 336 |
_atext _btxt _2rdacontent |
||
| 337 |
_aunmediated _bn _2rdamedia |
||
| 338 |
_avolume _bnc _2rdacarrier |
||
| 504 | _aIncludes index. | ||
| 520 |
_aChampioning the world's "highly sensitive people," the force behind the world's largest online communities for sensitive people and introverts teaches readers how to unlock the potential of this undervalued strength and leverage it across the important areas of their lives. _c-- Provided by publisher. |
||
| 520 | 8 |
_aEveryone has a sensitive side, but nearly 1 in 3 people have the genes to be more sensitive than others--both physically and emotionally. These are the people who pause before speaking and think before acting; they tune into subtle details and make connections that others miss. They tend to be intelligent, big-hearted, and wonderfully creative; they are wired to go deep, yet society tells them to hide the very sensitivity that makes them this way. These are the world's "highly sensitive people," and Sensitive is the book that champions them. By the creators of the world's largest community for sensitive people, Sensitive teaches us how to unlock the potential in this undervalued strength and leverage it across the most important areas of our lives: in friendships and relationships, the workplace, leadership, and parenting. Through fascinating research and expert storytelling, Jenn Granneman and Andre Sólo show readers that the way to thrive as a sensitive person is not to hide their sensitivity, but to embrace it--and they demonstrate how to do that in each area of life. Weaving together actionable advice, relatable anecdotes, and the latest scientific research, Sensitive shows readers how leaning in to their sensitivity unlocks a powerful "boost effect" to launch them ahead in life. It hands them the tools and insights they need to thrive as a sensitive person in a loud, fast, too-much world. A powerfully validating, destigmatizing, and practical book, Sensitive plants a gently fluttering flag in the ground for sensitive people everywhere. This inspiring book has the power to change--once and for all--how we see sensitive people, and how they see themselves. _c-- Provided by publisher. |
|
| 650 | 0 |
_aSensitivity (Personality trait) _94728 |
|
| 650 | 0 | _aSelf-actualization (Psychology) | |
| 650 | 6 |
_aSensibilité (Trait de personnalité) _94729 |
|
| 650 | 7 |
_aPSYCHOLOGY / Personality. _2bisacsh |
|
| 650 | 7 |
_aSELF-HELP / Personal Growth / Success. _2bisacsh |
|
| 650 | 7 |
_aBUSINESS & ECONOMICS / Leadership. _2bisacsh |
|
| 650 | 7 |
_aSelf-actualization (Psychology) _2fast _94730 |
|
| 650 | 7 |
_aSensitivity (Personality trait) _2fast _94728 |
|
| 650 | 7 |
_aSensitivity (Personality trait) _2sears _94728 |
|
| 650 | 7 |
_aSelf-realization. _2sears |
|
| 655 | 7 |
_aSelf-help publications _2fast _91079 |
|
| 655 | 7 |
_aSelf-help publications. _2lcgft _91079 |
|
| 655 | 7 |
_aLivres de croissance personnelle. _2rvmgf _94731 |
|
| 700 | 1 |
_aSólo, Andre, _eauthor. _94732 |
|
| 942 |
_2ddc _cBK |
||
| 999 |
_c1894 _d1894 |
||